000 00643nam a2200229 a 4500
001 10115
003 CO-ViMGA
008 141112s2004 ck r 000 u spa d
020 _a8489209316
040 _aCO-ViMGA
_bspa
_cCO-ViMGA
082 0 4 _a301.158 H353
100 1 _aHenderson ; James D.,
_912896
245 1 0 _aCuando Colombia se desangró :
_bUn estudio de la Violencia en metrópoli y provincia
260 _aBogotá :
_bEl Ancora,
_c1984
490 _a349p.
590 _aEjemplares : 2
650 1 4 _aLIBANO
_912897
650 1 4 _aPolítica
_9201
650 1 4 _aTRAGEDIA TOLIMENSE
_912898
650 1 4 _aVIOLENCIA
942 _2ddc
_cBK
999 _c21488
_d21488